00221nam a2200085Ia 4500008004100000100002500041245002800066260003200094260000900126170620s9999 xx 000 0 und d aHurlock- Elizabeth B 0aPersonality development bNew Delhi- Tata McGraw Hill c2011